| 000 | 00730cam a2200265 i 4500 | ||
|---|---|---|---|
| 001 | 2742572 | ||
| 003 | Nust | ||
| 005 | 20220829113927.0 | ||
| 008 | 780721s1977 enk 000 1 eng | ||
| 010 | _a 78308867 | ||
| 015 | _aGB*** | ||
| 020 |
_a9780330478250 _cRs. 516 |
||
| 038 | _aArshad | ||
| 040 |
_aDLC _cDLC _dDLC |
||
| 050 | 1 | 0 |
_aPZ4.C7112 _bLr _aPR6053.O425 |
| 082 | 0 | 0 |
_a823 _bCOL |
| 100 | 1 |
_aCollins, Jackie. _912048 |
|
| 245 | 1 | 0 |
_aLovers and gamblers / _c[by] Jackie Collins. |
| 260 |
_aLondon : _bAllen, _c1977. |
||
| 300 |
_a680 p. ; _c23 cm. |
||
| 650 |
_aBeauty contestants _912054 |
||
| 650 |
_aMan-woman relationships _910188 |
||
| 906 |
_a7 _bcbc _corignew _d4 _encip _f19 _gy-gencatlg |
||
| 942 |
_2ddc _cBK |
||
| 999 |
_c174426 _d174426 |
||